| 000 | 00533cam a22001812 4500 | ||
|---|---|---|---|
| 001 | 0000000703 | ||
| 005 | 20170406112818.0 | ||
| 008 | 131118s xx 000 0 eng d | ||
| 020 | _c$ | ||
| 040 |
_aYour Holding Symbol _cYour Holding Symbol |
||
| 100 | 1 | _aBerringan,S.J Daniel. | |
| 245 | 1 | 4 |
_aThe bow in the cloudes : _bmen's convenant with gog / _cDaniel, Berrigan S.J. |
| 250 | _a ed. | ||
| 260 |
_aNew york : _bGoward-McCann, _c1961. |
||
| 300 |
_a 220p. ; _c cm. |
||
| 650 | 0 | _atheology. | |
| 908 | _a131118 | ||
| 999 |
_c627 _d627 |
||